UBT Library

The American Presidency / (Record no. 44442)

000 -LEADER
fixed length control field 00599pam a2200229 i 4500
001 - CONTROL NUMBER
control field 375572
005 - DATE AND TIME OF LATEST TRANSACTION
control field 20180308050117.0
008 - FIXED-LENGTH DATA ELEMENTS--GENERAL INFORMATION
fixed length control field 780907s1979 nyu b 001 0 eng
010 ## - LIBRARY OF CONGRESS CONTROL NUMBER
LC control number 78019808
020 ## - INTERNATIONAL STANDARD BOOK NUMBER
International Standard Book Number 0465001831 :
Terms of availability $16.00.
International Standard Book Number 046500184X
Terms of availability $6.95
040 ## - CATALOGING SOURCE
Original cataloging agency DLC
Transcribing agency DLC
Modifying agency DLC
041 ## - LANGUAGE CODE
Language code of text/sound track or separate title eng
043 ## - GEOGRAPHIC AREA CODE
Geographic area code n-us---
080 ## - UNIVERSAL DECIMAL CLASSIFICATION NUMBER
Universal Decimal Classification number 353.0313 PIO
082 00 - DEWEY DECIMAL CLASSIFICATION NUMBER
Classification number 353.0313 PIO
100 1# - Rafti
Rafti 20
101 ## - Shkurtesa
Shkurtesa POL
245 14 - TITLE STATEMENT
Title The American Presidency /
Statement of responsibility, etc Richard M. Pious.
504 ## - BIBLIOGRAPHY, ETC. NOTE
Bibliography, etc Bibliography: p. [436]-443.
906 ## - LOCAL DATA ELEMENT F, LDF (RLIN)
a 7
b cbc
c orignew
d 1
e ocip
f 19
g y-gencatlg
942 ## - ADDED ENTRY ELEMENTS (KOHA)
Source of classification or shelving scheme
Item type Books
Holdings
Withdrawn status Lost status Source of classification or shelving scheme Damaged status Not for loan Collection code Permanent location Current location Shelving location Date acquired Total Checkouts Full call number Barcode Date last seen Price effective from Koha item type
          Koleksioni i përgjithshem UBT - Lipjan UBT - Lipjan Koleksioni i përgjithshem 03/08/2018   353.0313 PIO 002-3000859 03/08/2018 03/08/2018 Books
UBT Library © 2015-2024. All rights reserved University Education for Business and Technology